Countries Without Corruption With Exceptions - Statistics

General Stats
  • This quiz has been taken 157 times
  • The average score is 12 of 18
Answer Stats
Rank Country % Correct
19th Japan
96%
51st South Korea
93%
7th Singapore
91%
23rd Chile
85%
20th Uruguay
80%
27th Israel
79%
30th Taiwan
78%
23rd United Arab Emirates
78%
30th Qatar
75%
40th Brunei
61%
26th Bhutan
59%
49th Mauritius
58%
34th Botswana
50%
43rd Georgia
49%
37th Cape Verde
45%
46th Cyprus
45%
52nd Namibia
34%
49th Rwanda
34%
No matching quizzes found
Score Distribution
Percent of People with Each Score
Percentile by Number Answered
Your Score History
You have not taken this quiz